El Pacífico ilustrado: del lago español a las grandes expediciones
সংরক্ষণ করুন:
| প্রধান লেখক: | |
|---|---|
| বিন্যাস: | গ্রন্থ |
| ভাষা: | স্প্যানিশ |
| প্রকাশিত: |
Madrid
MAPFRE
1992
|
| মালা: | Colección mar y América, 4
|
| বিষয়গুলি: | |
| ট্যাগগুলো: |
ট্যাগ যুক্ত করুন
কোনো ট্যাগ নেই, প্রথমজন হিসাবে ট্যাগ করুন!
|
MARC
| LEADER | 00000nam a2200000 a 4500 | ||
|---|---|---|---|
| 001 | UCX6872 | ||
| 003 | CL-VaPUC | ||
| 008 | 930826e19920000SP |||||||||||||||||spa|d | ||
| 082 | 0 | 4 | |a 910.9164 |b BER |2 21 |
| 100 | |a Bernabéu Albert, Salvador |e author |9 589018 | ||
| 245 | 1 | 3 | |a El Pacífico ilustrado: del lago español a las grandes expediciones |
| 300 | |a 312 p | ||
| 942 | |c BK | ||
| 945 | |d 19930826 00:00:00 | ||
| 260 | |a Madrid |b MAPFRE |c 1992 | ||
| 650 | 0 | |a Navegación |9 255384 | |
| 650 | 7 | |a HISTORIA SIGLOS 16-18 |2 CL-VaPUC |9 323335 | |
| 650 | 7 | |a EXPEDICIONES Y EXPLORACIONES |2 CL-VaPUC |9 323519 | |
| 651 | 0 | |a América |9 255182 | |
| 651 | 7 | |a OCEANO PACIFICO |2 CL-VaPUC |9 262019 | |
| 651 | 0 | |a España |9 254926 | |
| 583 | |a last modification |c 19930826 00:00:00 |k Rodrigo Vera | ||
| 490 | 0 | |a Colección mar y América, 4 | |
| 999 | |c 226813 |d 226811 | ||
| 952 | |0 0 |1 0 |4 0 |6 910_916400000000000_BER_1992 |7 0 |8 A |9 225428 |a BIBHIS |b BIBHIS |d 2019-11-15 |i 2941260 |l 5 |m 2 |o 910.9164 BER 1992 |p 2941260 |r 2025-01-20 |s 2024-11-15 |w 2019-11-15 |y BK |k HIS | ||